000 00494nam a2200181Ia 4500
001 11961
005 20260306162906.0
008 260306t2021||||xx |||||||||||||| ||spa||
041 _aESP
082 _aHR 340
_bV. 23 N° 1 2021 IO.2
110 _aCorte Superior de Justicia Arequipa
245 0 _aIuris Omnes :
_brevista de la Corte Superior de Justicia de Arequipa
260 _c2021
300 _a143 páginas :
_c28 cm.
650 _aGEN
654 _aCDE
942 _cREV
_dJUS
_fJUS
_2ddc
_n
999 _c11961
_d11961